| 000 | 00411nam a2200169Ia 4500 | ||
|---|---|---|---|
| 008 | 151213s9999 xx 000 0 und d | ||
| 020 | _a1-85758-576-3 | ||
| 082 |
_a658 _b658 |
||
| 100 | _aDavid Floyd | ||
| 245 |
_aGCSE Business Studies _cDavid Floyd |
||
| 260 |
_aLondon _bLetts Educational _c1997 |
||
| 300 | _a8323 p. | ||
| 650 | _aBusiness | ||
| 650 | _aBusiness | ||
| 700 | _aDavid Floyd | ||
| 999 |
_c4165 _d4165 |
||